Echoes from forgotten wars
| Main Author: | |
|---|---|
| Format: | Book |
| Published: |
London :
Collinss ,
1980
|
| Subjects: |
MARC
| LEADER | 00000cam a2200000 7i4500 | ||
|---|---|---|---|
| 001 | 0000000541 | ||
| 002 | 000000626 | ||
| 005 | 20080109.0 | ||
| 020 | |a T000000124 | ||
| 090 | 0 | 0 | |a 940.548194 |b MCK |
| 100 | 1 | |a Mckie, Ronald | |
| 245 | 1 | 0 | |a Echoes from forgotten wars |c Ronald Mckie |
| 260 | |a London : |b Collinss , |c 1980 | ||
| 300 | |a 269p. ; |c 22cm. | ||
| 650 | 0 | 0 | |a World War,1939-1949 |x Personal narratives, Australian |
| 999 | |a 3276 |b BUKU |c PINJAMAN |e PERPUSTAKAAN KOMUNITI PETALING JAYA | ||